Statistics for Africa by Official Language

Click here to take the quiz!

General Stats

  • This quiz has been taken 42 times
    (25 since last reset)
  • The average score is 51 of 54

Answers on the Map

Answers color-coded by a green-red scale on the quiz's map according to % correct below.
 

Answer Stats

CountryAnswer% Correct
LibyaArabic
100%
EgyptArabic
100%
TunisiaArabic
100%
MauritaniaArabic
100%
MoroccoArabic, Berber
100%
AlgeriaArabic, Berber
100%
SudanArabic, English
100%
ChadArabic, French
100%
DjiboutiArabic, French
100%
ComorosArabic, French, Comorian
100%
SomaliaArabic, Somali
100%
South AfricaAfrikaans, English, Zulu, Xhosa, Venda, South Sotho, Tswana,
North Sotho, Tsonga, Swati, Ndebele
96%
MalawiChichewa, English
96%
GambiaEnglish
96%
BotswanaEnglish
96%
NamibiaEnglish
96%
NigeriaEnglish
96%
GhanaEnglish
96%
LiberiaEnglish
96%
Sierra LeoneEnglish
96%
South SudanEnglish
96%
ZambiaEnglish
96%
CameroonEnglish, French
96%
RwandaEnglish, French, Kinyarwanda, Swahili
96%
BurundiEnglish, French, Kirundi
96%
SeychellesEnglish, French, Seselwa
96%
MauritiusEnglish, Morisien
96%
ZimbabweEnglish, Shona, Xhosa, Venda, Chewa,
South Sotho, Tswana, Tsonga, Tonga, Ndebele
96%
LeosthoEnglish, Sotho
96%
UgandaEnglish, Swahili
96%
KenyaEnglish, Swahili
96%
TanzaniaEnglish, Swahili
96%
EswatiniEnglish, Swazi
96%
SenegalFrench
96%
Burkina FasoFrench
96%
BeninFrench
96%
Ivory CoastFrench
96%
GuineaFrench
96%
NigerFrench
96%
Republic of the CongoFrench
96%
TogoFrench
96%
Democratic Republic of the CongoFrench
96%
GabonFrench
96%
MadagascarFrench, Malagasy
96%
Equatorial GuineaFrench, Portuguese, Spanish
96%
Central African RepublicFrench, Sango
96%
EthiopiaAfar, Amharic, Oromo, Somali, Tigrinya
88%
AngolaPortuguese
88%
Sao Tome and PrincipePortuguese
88%
Guinea-BissauPortuguese
88%
MozambiquePortuguese
88%
Cape VerdePortuguese
88%
EritreaTigrinya
48%
MaliBambara, Bobo, Bozo, Dogon, Fula, Hassaniya, Kassonke, Maninke, Minyanka, Senufo, Songhay, Soninke, Tamasheq
40%

Score Distribution

Percentile by Number Answered

Percent of People with Each Score

Your Score History

You have not taken this quiz since the last reset